00000000nam##2200000za#4500
0019.666807
003CaOODSP
00520210615123117
007ta
008150407|2005||||xxc|||||     f|0| 0 eng|d
020 |a0-662-69248-9
040 |aCaOODSP|beng
041 |aeng
041 |afre
043 |an-cn---
0861 |aFs23-472/2005-1
1101 |aCanada. |bDepartment of Fisheries and Oceans.
24510|aCanada's Oceans Action Plan for present and future generations
260 |aOttawa - Ontario : |bFisheries and Oceans Canada |c2005.
300 |aEnglish text, 20p. : |bphotographs ; |c28 cm.
5203 |aThis report presents Canada’s blueprint for managing its oceans. The Oceans Action Plan is based on four interconnected pillars: international leadership, sovereignty, and security; integrated oceans management for sustainable development; health of the oceans; and ocean science and technology. The plan discusses each pillar and sets out the initiatives planned under each for the first phase of the plan.
563 |aSoftcover
590 |a05-47|b2005-11-25
69007|aOceans|2gcpds
69007|aSustainable development|2gcpds
7760#|tPlan d'action du Canada pour les océans pour les générations d'aujourd'hui et de demain |w(CaOODSP)9.632191
7760#|tCanada's Oceans Action Plan for present and future generations |w(CaOODSP)9.687748
792 |tPlan d'action du Canada pour les océans pour les générations d'aujourd'hui et de demain |efre|w(CaOODSP)9.666808
986 |aDFO/2005-348